Guess the Video Game #3 - Statistics

General Stats
  • This quiz has been taken 34 times
  • The average score is 3 of 7
Answer Stats
Hint Answer % Correct
Master Chief HALO
93%
Rainbow Road Mario Kart
70%
Musical Sabers Beat Saber
50%
VR Monkes Gorilla Tag
43%
Keyblade Kingdom Hearts
23%
VR Roblox Rec Room
20%
Scary Speedy Sonic.EXE
0%
No matching quizzes found
Score Distribution
Percent of People with Each Score
Percentile by Number Answered
Your Score History
You have not taken this quiz